000 00276nam a22001217a 4500
082 _a158
_bWHY/F
100 _aWHYMAN,MATT
245 _aFAMILY BREAK-UP
260 _aLONDON
_bHOLDER CHILDREN'S BOOKS
300 _a159
650 _aPERSONALITY DEVELOPMENT
_zLONDON
942 _cBK
999 _c5454
_d5454